| 000 | 00354 a2200109 4500 | ||
|---|---|---|---|
| 001 | ART_42384 | ||
| 005 | 20260410161755.0 | ||
| 008 | 260409a | ||
| 245 | 1 | 0 | _aNovedades en materia de compensación del impuesto sobre los ingresos personales |
| 100 | 1 | _aVolman, Mario | |
| 773 | 0 |
_tDoctrina tributaria _g- Nº 366 (sep. 2010) _wREV4296 |
|
| 999 |
_c20050 _d20050 |
||